| 000 | 00530nam a2200193 a 4500 | ||
|---|---|---|---|
| 001 | 18706 | ||
| 003 | CO-ViMGA | ||
| 008 | 141112s2004 ck r 000 u spa d | ||
| 020 | _a9701502809 | ||
| 040 |
_aCO-ViMGA _bspa _cCO-ViMGA |
||
| 082 | 0 | 4 | _a621.31 L751 |
| 100 | 1 |
_aLambert, Charles _926635 |
|
| 245 | 1 | 0 | _aInstalaciones Electricas en la Vivienda |
| 260 |
_aMexico : _bAlfaomega; 1999 |
||
| 300 | _a138 p. | ||
| 590 | _aForma de adquisición : Premio Min - cultura | ||
| 650 | 1 | 4 | _aINSTALACIONES ELECTRICAS |
| 942 |
_2ddc _cBK |
||
| 999 |
_c27941 _d27941 |
||